Movie Subtitle Quiz - Statistics

General Stats
  • This quiz has been taken 56 times
  • The average score is 4 of 9
Answer Stats
Hint Answer % Correct
the Extra-Terrestrial E.T.
96%
A Space Odyssey 2001
89%
Lost in New York Home Alone 2
89%
He's having the day of his life... ever and ever again. Groundhog Day
72%
The Edge of Reason Bridget Jones
38%
Not Every Gift Is A Blessing The Sixth Sense
4%
Badly Drawn Boy About A Boy
2%
It's the year 2022... Soylent Green
2%
Here comes the Bribe... The Proposal
0%
No matching quizzes found
Score Distribution
Percent of People with Each Score
Percentile by Number Answered
Your Score History
You have not taken this quiz